000 00361nam a2200145Ia 4500
008 090124s9999 xx 000 0 und d
082 _b305036
245 _a झुंबर
250 _a1
260 _bसंत प्रकाश नारायण
_c2004
300 _a151
630 _a झुंबर
730 _a झुंबर
942 _cBOOK
999 _c194992
_d194992